Riverita /

Guardado en:
Autor Principal: Palacio Valdes, Armando
Formato: Libro
Publicado: Madrid : Espasa Calpe, 1970
Edición:7a. ed.
Materias:
Etiquetas: Agregar Etiqueta
Sin Etiquetas, Sea el primero en etiquetar este registro!
LEADER 00505nam a22001935a 4500
001 CEM.cems004847
005 20060217000000.0
008 130507s1970##################000#0#####d
003 CEMS
082 0 4 |a 863.5 
100 1 |a Palacio Valdes, Armando 
245 1 0 |a Riverita / 
250 |a 7a. ed. 
260 |a Madrid :  |b Espasa Calpe,  |c 1970 
300 |a 230 p. 
653 |a Literatura 
653 |a Novela española-siglo 19 
653 |a Novelas 
859 |a CEMS  |b BIB. CEMS - 11 de abril  |h 863.5  |i P171-1a7  |p 6246.77  |t Ej.1